Innovation und Internationale Monopole

Na minha lista:
Detalhes bibliográficos
Formato: Livro
Idioma:alemão
Publicado em: Berlin Humboldt-Universität 1983
Tags: Adicionar Tag
Sem tags, seja o primeiro a adicionar uma tag!

MARC

LEADER 00000nam a2200000 4500
001 c136352
005 20041019155306.9
041 0 |a ger 
044 |a DE 
245 1 0 |a Innovation und Internationale Monopole 
264 1 |a Berlin  |b Humboldt-Universität  |c 1983 
300 |a 85 s.